000 00565nam a22001817a 4500
008 170329b xxu||||| |||| 00| p tur d
020 _a9789750813498
041 _atur
050 _aPL248.T87
100 _aTuran, Güven
_9112
245 _aÇıkış Gizli Alanlar 4. Kitap
250 _a1. Baskı
260 _aİstanbul
_bYapı Kredi Yayınları
_cOcak 2008
300 _a58 sayfa
500 _aYapı Kredi Yayınları 2619; Şiir 239 El yazısı ile yazılmış notlar ve değerlendirmeler mevcuttur.
650 0 _9145
_aTürk Edebiyatı
942 _2lcc
_cBK
999 _c1114
_d1092